01099nab a22001697a 4500003000400000005001700004008004100021040000700062100002500069245019700094300001500291505039800306505007200704650002300776650002700799773010300826OSt20260106212532.0190514b xxu||||| |||| 00| 0 spa d cPJ aVega, Luciana de la 13aEl derecho a la identidad y a la identificación :bla inscripción tardía y el rol de los agentes judiciales en la pronta subsanación de la falta de inscripción /cLuciana de la Vega. ap. 185-195 aSumario: I. Palabras iniciales.— II. Recepción del derecho a la identidad en el derecho argentino.— III. Aspectos legales relativos al derecho a la identificación en el derecho argentino.— IV. Falta de inscripción oportuna: consecuencias.— V. Aspectos relativos a la inscripción judicial tardía.— VI. Cuestiones adyacentes pero importantes.— VII. Breves palabras finales. tSi te interesa el texto, comunicate a koha@justierradelfuego.gov.ar 0aDERECHO DE FAMILIA 0aDERECHO A LA IDENTIDAD0 02844dBuenos Aires : AbeledoPerrot, 1989-tDerecho de familia. N° 116 - Septiembre 2024z18511201